Normal view MARC view
  • Animales salvajes

Entry Materia

Number of records used in: 1

001 - NÚMERO DE CONTROL DEL REGISTRO

  • campo de control: 49394

003 - IDENTIFICADOR DE NUMERO DE CONTROL

  • campo de control: MX-MxUPN

005 - FECHA Y HORA DE LA ÚLTIMA TRANSACCIÓN

  • campo de control: 20230615212142.0

008 - DATOS DE LONGITUD FIJA

  • campo de control de longitud fija: 230615nn anznnbabn a ana d

040 ## - FUENTE DE LA CATALOGACIÓN

  • Centro catalogador de origen: MX-MxUPN
  • Lengua de catalogación: spa

150 ## - ENCABEZAMIENTO - TEMÁTICO

  • Término de materia o nombre geográfico como elemento inicial: Animales salvajes

450 ## - VÉASE - MATERIA

  • Encabezamiento temático: Vida salvaje

450 ## - VÉASE - MATERIA

  • Encabezamiento temático: Vida silvestre

450 ## - VÉASE - MATERIA

  • Encabezamiento temático: Animales asilvestrados

450 ## - VÉASE - MATERIA

  • Encabezamiento temático: Animales silvestres

550 ## - VÉASE ADEMÁS - MATERIA

  • Encabezamiento temático o nombre geográfico como elemento de entrada: Animales domésticos

670 ## - FUENTE EN LA QUE SE LOCALIZARON DATOS

  • Cita de la fuente: Autoridades LIBRUNAM, 15 junio 2023:
  • Información localizada: (Animales salvajes)
  • Identificador Uniforme del Recurso: https://librunam.dgb.unam.mx:8443/F/FI87BSRPV7F7127559GNRCCUKKYK6DMTRLC4RJVBCR8QPNAQ6Y-05357?func=full-set-set&set_number=031890&set_entry=000002&format=999

902 ## - CATALOGADOR

  • Catalogador: VíctorGodínez/150623